Country Quiz: Saudi Arabia Stats

 Plays Quiz not verified by Sporcle

Score 0/50 Timer 09:00
0 Plays Today
Hint Answer % Correct
Flag ColorGreen
95.6%
Flag ColorWhite
94.8%
Internet Country Code.sa
92%
Islamic Holy CityMecca
87.8%
Lowest PointPersian Gulf (0 m)
87.8%
Capital CityRiyadh
83.6%
Bordering CountryOman
83.6%
Bordering GulfGulf of Oman
83.6%
Bordering CountryYemen
83%
Nationality (Demonym)Saudi Arabian
82.9%
Official LanguageArabic
82.1%
Official NameKingdom of Saudi Arabia
81.9%
Official State ReligionIslam
81.7%
Bordering CountryIraq
80.1%
Bordering CountryUnited Arab Emirates
79.2%
Bordering CountryKuwait
78.7%
Islamic Holy CityMedina
78.1%
Primary ContinentAsia
77.9%
Bordering CountryQatar
77.4%
Drives On the...Right
77.2%
Bordering CountryJordan
76.5%
Largest DesertArabian Desert
74.8%
Major Economic ExportOil
74.7%
Bordering SeaArabian Sea
74.7%
Primary PeninsulaArabian Peninsula
74.3%
Hint Answer % Correct
Bordering SeaRed Sea
73.4%
Most Popular SportFootball (Soccer)
71.2%
Age of Suffrage (Male Only)21
70.9%
Historic Rival CountryIran
68.1%
'Official' Constitution, Book of IslamQuran
66.3%
Second Largest CityJeddah
61.6%
Bordering GulfPersian Gulf
59.3%
Legendary Prophet, Founder of IslamMuhammad
55.3%
KingAbdallah Abd al-Aziz Al Saud
55.2%
Main Form of Islam, State SponsoredSunni Islam (Wahhabism)
51.6%
CurrencySaudi Riyals (SAR)
51.3%
Number of Provinces13
41.6%
Controversial Criminal Punishment MethodStoning
39.7%
Heir to the Throne (Crown Prince)Salman bin Abd al-Aziz Al Saud
35.1%
Great Uniter of Arabs, Founder of StateAbd Al-Aziz bin Abd al-Rahman Al Saud
29.7%
Focal Point of Islam, Holiest Islamic SiteKaaba
27%
Creed Upon FlagShahada Creed
25.2%
Central Mosque of Islam in MeccaMasjid al-Haram
17.6%
Largest ProvinceEastern Province
17.1%
Unification of the Kingdom (National Holiday)September 23, 1932
14.1%
Central Mosque of Islam in MedinaAl-Masjid Al-Nabawi
8.6%
National AnthemAash Al Maleek
8.1%
Oldest Institution of Higher LearningKing Saud University
7.9%
Highest PointJabal Sawda' (3,133 m)
7.2%
Women's Rights GroupAnsar Al Marah
5.5%

You're not logged in!

Compare scores with friends on all Sporcle quizzes.
OR
Log In

You Might Also Like...

Show Comments

Extras

Top Quizzes Today


Score Distribution

Your Account Isn't Verified!

In order to create a playlist on Sporcle, you need to verify the email address you used during registration. Go to your Sporcle Settings to finish the process.

Report this User

Report this user for behavior that violates our Community Guidelines.

Details: